zpět

Detail výsledku týmu

U Lucerny ČT, Brno

Datum a čas kvízu

32 Celkem bodů Celkový počet nahraných bodů na tomto kvízu bez doplňovacích otázek.
6. Pořadí na kvízu Konečné umístění týmu na tomto kvízu.

Zaznamenané odpovědi

# Otázka Odpověď Body Výsledky
1. Ve středu ve 12 hodin jsme se... zkouška sirén 1
2. Elon Musk si do nového roku zm... B) žabáka 1
3. Dvě ikony folku 60. let minulé... Art Garfunkel, Paul Simon 1
4. Ve čtvrtek byla v pražských Št... Lidl 1
5. V neděli byl oficiálně oznámen... SK Slavia Praha, Tottenham Hotspur FC 1
6. Z historie se zdá, že Američan... Dwight Eisenhower 1
7. Stanford Strickland je filmová... Návrat do budoucnosti 1
8. Napište jméno zobrazeného herc... Terry Crews 0
9. Lebkouni ze stejnojmenného fil... A 1
10. Přiřaďte tyto lysé filmové hrd... 1B 2D 3C 4A 0